000 00383nam a22001577a 4500
003 MPLRDC
005 20220104114615.0
008 210129b ||||| |||| 00| 0 eng d
082 _a857.6 YP-2
100 _a雨萍
245 _a渣甸山. 雨萍短篇小说
_c
260 _a
_b城市出版有限公司
_c1986
300 _b
650 _a短篇小说
942 _cBK
_o857.6 YP-2
999 _c8806
_d8796